000 00318nam a2200121Ia 4500
008 230312s9999||||xx |||||||||||||| ||und||
082 _a629.132
_bNAV-A
100 _aM.Haufe
245 0 _aNavigation Systems :P/66-B-2/015c
260 _bPerth College
_c2006
650 _aAviation
_vEngineering/Technology
942 _cBK
999 _c12948
_d12948